000 00611nam a2200193 a 4500
001 000048609
005 20201002061256.0
008 190403s2015 dr ac 000 0 spa d
020 _a9789945481631
040 _aDO-SdBNP
_bspa
_cBNPHU
082 _axx
_bxx
100 1 _aSoto Tejeda, Marcos
_976064
245 1 4 _aLos apodos en San José de Ocoa /
_cMarcos Soto Tejeda.
246 1 4 _aEl Guayacán
260 _aSanto Domingo :
_bCentenario,
_c2015.
300 _a175 p. :
_bils., retrs. ;
_c23 cm.
500 _aIncluye datos biográficos del autor en la solapa de la cubierta
590 _aInventariado,2019/VM
999 _c48097
_d48097